[Event "CZE-ch U14"]
[Site "Kouty nad Desnou"]
[Date "2014.03.11"]
[Round "4"]
[White "Zitny, Michal"]
[Black "Kriz, Vojtech"]
[Result "1/2-1/2"]
[WhiteElo "1566"]
[BlackElo "1565"]
[PlyCount "50"]
[EventDate "2014.03.08"]
[EventType "swiss"]
[EventRounds "9"]
[EventCountry "CZE"]
[SourceTitle "EXT 2015"]
[Source "ChessBase"]
[SourceDate "2014.11.20"]
[SourceVersion "1"]
[SourceVersionDate "2014.11.20"]
[SourceQuality "1"]

1. c4 e5 2. Nc3 Nf6 3. Nf3 Nc6 4. g3 d5 5. cxd5 Nxd5 6. Bg2 Nb6 7. 0-0 Be7 8. d3 0-0 9. Bd2 Be6 10. a3 a5 11. Qc1 Kh8 12. Be3 f5 13. Bg5 Qd7 14. Bxe7 Qxe7 15. Qg5 Qxg5 16. Nxg5 Bg8 17. Rac1 Rab8 18. e3 f4 19. Nge4 Nd5 20. Nxd5 Bxd5 21. Rc5 Rbd8 22. Bf3 h6 23. Kg2 Rd7 24. Bg4 Bxe4+ 25. Bf3 Bd5 1/2-1/2

[Event "CZE-ch U12"]
[Site "Kouty nad Desnou"]
[Date "2013.03.16"]
[Round "9"]
[White "Kriz, Vojtech"]
[Black "Jurasek, Vojtech"]
[Result "1-0"]
[WhiteElo "1466"]
[BlackElo "1414"]
[PlyCount "87"]
[EventDate "2013.03.09"]
[EventType "swiss"]
[EventRounds "9"]
[EventCountry "CZE"]
[SourceTitle "EXT 2015"]
[Source "ChessBase"]
[SourceDate "2014.11.20"]
[SourceVersion "1"]
[SourceVersionDate "2014.11.20"]
[SourceQuality "1"]

1. e4 c6 2. d4 d5 3. exd5 cxd5 4. Bd3 Nf6 5. Bf4 Nc6 6. c3 Bg4 7. Qc2 Rc8 8. Qb3 Qd7 9. Nd2 e6 10. Ngf3 Bxf3 11. Nxf3 Be7 12. Ne5 Nxe5 13. dxe5 Ne4 14. Bb5 Rc6 15. Bxc6 Qxc6 16. a4 0-0 17. 0-0 h6 18. Qc2 Nc5 19. Be3 a6 20. Rfd1 Nd7 21. Bd4 Rc8 22. Rd3 Qc7 23. Rg3 Bc5 24. Qd2 Bxd4 25. cxd4 Kh8 26. h3 Nb8 27. Rc3 Nc6 28. b4 Qb6 29. Rb1 Rb8 30. Rc5 Kg8 31. a5 Qd8 32. b5 Nxa5 33. bxa6 b6 34. Rxa5 bxa5 35. Rxb8 Qxb8 36. Qxa5 Qb1+ 37. Kh2 Qc1 38. Qa2 Qf4+ 39. g3 Qxd4 40. a7 Qxe5 41. a8Q+ Kh7 42. Qc2+ g6 43. Qf8 Qf6 44. Qd2 1-0

[Event "CZE-ch U12"]
[Site "Kouty nad Desnou"]
[Date "2012.03.13"]
[Round "5"]
[White "Kriz, Vojtech"]
[Black "Slovak, Kilian"]
[Result "0-1"]
[WhiteElo "1319"]
[BlackElo "1552"]
[PlyCount "52"]
[EventDate "2012.03.10"]
[EventType "swiss"]
[EventRounds "9"]
[EventCountry "CZE"]
[SourceTitle "EXT 2013"]
[Source "ChessBase"]
[SourceDate "2012.11.22"]
[SourceVersion "1"]
[SourceVersionDate "2012.11.22"]
[SourceQuality "1"]

1. e4 e6 2. d4 d5 3. exd5 exd5 4. Bd3 Bd6 5. Ne2 Nf6 6. Bf4 0-0 7. Nbc3 c6 8. Qd2 Re8 9. 0-0-0 Bxf4 10. Nxf4 Be6 11. f3 Nbd7 12. g4 Nb6 13. h4 Rc8 14. g5 Nfd7 15. Rdg1 Nf8 16. h5 Qc7 17. g6 fxg6 18. hxg6 h6 19. Nxe6 Nxe6 20. Rf1 Nxd4 21. f4 Qd8 22. f5 Qf6 23. Ne2 Nxe2+ 24. Bxe2 Re5 25. Bg4 Nc4 26. Qf2 Re2 0-1